Tha valuation of property investments (Record no. 116306)
[ view plain ]
| 000 -LEADER | |
|---|---|
| fixed length control field | 00330cam a2200121 4500 |
| 008 - FIXED-LENGTH DATA ELEMENTS--GENERAL INFORMATION | |
| fixed length control field | 070425n2006 000 0 eng u |
| 020 ## - INTERNATIONAL STANDARD BOOK NUMBER | |
| International Standard Book Number | 0728203693 |
| 035 ## - SYSTEM CONTROL NUMBER | |
| System control number | (Sirsi) u137723 |
| 100 1# - MAIN ENTRY--PERSONAL NAME | |
| Personal name | Enever, Nigel |
| 245 ## - TITLE STATEMENT | |
| Title | Tha valuation of property investments |
| 260 ## - PUBLICATION, DISTRIBUTION, ETC. | |
| Place of publication, distribution, etc. | Estates Gazette Ltd; 6Rev Ed edition |
| Date of publication, distribution, etc. | 2006 |
| 942 ## - ADDED ENTRY ELEMENTS (KOHA) | |
| Suppress in OPAC | 0 |
| Withdrawn status | Lost status | Damaged status | Not for loan | Home library | Current library | Shelving location | Date acquired | Total Checkouts | Date last seen | Price effective from | Koha item type |
|---|---|---|---|---|---|---|---|---|---|---|---|
| London | London | Journal article | 06/08/2019 | 06/08/2019 | 06/08/2019 | Book |